| 000 | 00571nam a22002057a 4500 | ||
|---|---|---|---|
| 003 | OSt | ||
| 005 | 20220107122739.0 | ||
| 008 | 140422b xxu||||| |||| 00| 0 eng d | ||
| 020 | _a9780070680173 | ||
| 040 | _cIIITM-K | ||
| 082 | _a351 BHA/E | ||
| 100 |
_aBhattacharya, Jaijit _94390 |
||
| 245 |
_ae-gov 2.0: _bPolicies, processes and technologies _cby Jaijit Bhattacharya |
||
| 260 |
_aNew Delhi, _bTata McGraw-Hill, _c2012. |
||
| 300 | _axxiv, 604p. | ||
| 650 |
_aDEMOCRACY _94391 |
||
| 650 |
_aE GOVERNMENT _94392 |
||
| 650 |
_aE GOVERNANCE _94393 |
||
| 942 |
_2ddc _cBK |
||
| 999 |
_c3921 _d3921 |
||